| 000 | 00700nam a2200277Ia 4500 | ||
|---|---|---|---|
| 008 | 160803s9999 xx 000 0 und d | ||
| 020 | _a0 439130743 | ||
| 100 | _aPark, Barbara | ||
| 245 | _aJunie B. Jones loves handsome Warren / | ||
| 245 | _cby Barbara Park ; illustrated by Denise Brunkus. | ||
| 260 | _aNew York : | ||
| 260 | _bScholastic Inc. | ||
| 260 | _c1996 | ||
| 300 | _a71 pages : | ||
| 300 | _billustrations ; | ||
| 300 | _c20 cm. | ||
| 440 | _aJunie B. Jones series ; | ||
| 440 | _v#7 | ||
| 650 | _aFriendship -- | ||
| 650 | _aKindergarten -- | ||
| 650 | _aSchools -- | ||
| 650 | _xFiction. | ||
| 650 | _xFiction. | ||
| 650 | _xFiction. | ||
| 700 | _a310 | ||
| 999 |
_c298722 _d298722 |
||